Fictional Detectives Season II Quiz Stats

Quiz Updated Jun 24, 2016

Challenge
Share
Tweet
Score 0/20 Timer 04:00
0 Plays Today
Fictional Detective % Correct
Scott Turner
84%
Inspector Gadget
72.9%
Veronica Mars
65.6%
Axel Foley
60.2%
John McClane
58.3%
Robert T. Ironside
55.8%
Barney Miller
55.5%
John Shaft
55.2%
Joe Friday
50.8%
Sonny Crockett
47.1%
Fictional Detective % Correct
Charlie Chan
42.6%
Steve McGarrett
31.7%
Joe Mannix
31.6%
Sam McCloud
30%
Lennie Briscoe
27.3%
Kate Beckett
26.5%
Nancy Drew
26.2%
Jake Gittes
12.9%
Jane Tennison
11.7%
Louis Renault
7.9%

You're not logged in!

Compare scores with friends on all Sporcle quizzes.
Sign Up with Email
OR
Log In

You Might Also Like...

Show Comments

Extras

Top Quizzes Today


Score Distribution

Your Account Isn't Verified!

In order to create a playlist on Sporcle, you need to verify the email address you used during registration. Go to your Sporcle Settings to finish the process.